00760nam a22002171 450000100060000000300080000600500170001400800390003103500190007003500190008904000280010804100080013608200200014424502340016426000390039830000350043750000220047250400200049465000150051465000130052931960BD-RjUL20211209051755.0140423s1843 enka 001 0 eng a(BD-RjUL)32049 a(OCoLC)4078524 aDLCcKyDCdBD-RjULbeng aeng a398.2bHEA 184310aHeathen mythology :bIllustrated by extracts from the most celebrated writers, both ancient and modern, on the gods of Greece, Rome, India, Scandinavia .. and embellished with two hundred engravings / cafter designs by M. Baron. aLondon :bWilloughby & Co.,c1843. aviii, 294 p. :bill. ;c21 cm. aIllustrated t.-p. aIncludes index. 0aMythology. 0aLegends.